| 000 | 00927 a2200229 4500 | ||
|---|---|---|---|
| 001 | 3768 | ||
| 005 | 20260407155430.0 | ||
| 008 | 260407a2009 arg spa d | ||
| 003 | AR-UNSa-BCEJYS | ||
| 040 |
_aAR-UNSa-BCEJYS _bspa _cAR-UNSa-BCEJYS |
||
| 080 |
_a336.2:323.17 _xFederalismo Fiscal |
||
| 245 | 1 | 0 |
_aFederalismo fiscal en la práctica _paplicaciones al sector público argentino y ejercicio teóricos |
| 020 | _a978-950-34-0557-4 | ||
| 264 | 1 |
_aLa Plata : _b(EDULP) Editorial de la Universidad Nacional de la Plata _c2009 |
|
| 300 |
_a265 p. _c20 cm. |
||
| 505 | _a1. Aplicaciones al sector público argentino - 2. Ponencias sobre federalismo fiscal - 3. Ejercicios | ||
| 041 | _aspa | ||
| 942 | _cBK | ||
| 590 | _aniveau_biblio:m niveau_hierar:0 | ||
| 100 | 1 | _aPorto, Alberto | |
| 856 | 4 | 1 |
_uhttps://biblioeco.unsa.edu.ar/pmb/images/libros/Federalismo fiscal en la practica2-l117920.jpg _yImagen de portada _qimage/jpeg |
| 999 |
_c353 _d353 |
||